| 000 | 01308nam a22003737a 4500 | ||
|---|---|---|---|
| 003 | CHAP | ||
| 005 | 20220329134241.0 | ||
| 008 | 971013s1993 r 00010 d | ||
| 010 | _a17590 | ||
| 011 | _a18562 | ||
| 035 | _a22647 | ||
| 040 | _cCHAP | ||
| 082 |
_a632 _bM36 |
||
| 100 | 0 | 0 |
_aMaloy, Otis C. _970193 |
| 245 |
_aPlant disease control _b: principles and practice |
||
| 260 |
_aNew York : _bJohn Wiley & Sons, _c1993 |
||
| 300 |
_a346 p. _b: ilus. ; gráfs. |
||
| 500 | _aSust. a Kranz, Jurgen. Experimental techniques in plant | ||
| 590 |
_aBATCH-UPD _b10 _c20130110 _lUCH01 _h0144 |
||
| 590 |
_aBATCH-UPD _b10 _c20130110 _lUCH01 _h1833 |
||
| 590 |
_aBATCH-UPD _b10 _c20130410 _lUCH01 _h1205 |
||
| 590 |
_aBATCH-UPD _b10 _c20130914 _lUCH01 _h1040 |
||
| 590 |
_aCONVERSION _b10 _c20130109 _lUCH01 _h1311 |
||
| 650 | 1 | 4 |
_aControl biológico de plagas. _927587 |
| 650 | 1 | 4 |
_aControl de plagas. _927595 |
| 650 | 1 | 4 |
_aCultivos _xVariedades resistentes a enfermedades. _930335 |
| 650 | 1 | 4 |
_aFitopatología. _941161 |
| 650 | 1 | 4 |
_aFungicidas. _944044 |
| 650 | 1 | 4 |
_aManejo integrado de plagas. _970365 |
| 901 | _aBK | ||
| 942 | _cLIBRO | ||
| 949 |
_a632 M36 _bBC _cLIBRO _d33724000007431 _eLIBRO _fc.2 _gI.178878 _h87988 _i22647 _si _t184.00 |
||
| 949 |
_a632 M36 _bBC _cLIBRO _d33724000174751 _eLIBRO _h82199 _i22647 _si |
||
| 999 |
_c17590 _d17590 |
||